00567pab a2200181 454500008004000000100002300040245008700063260000900150300001400159362000800173650002700181650003600208650003800244650003100282650002200313700001700335773003300352180718b2007 xxu||||| |||| 00| 0 eng d aVillarreal, Andres aEconomic globalization and women's employment: the case of manufacturing in Mexico c2007 ap.365-89. aJun aGlobalization - Mexico aEconomic globalization - Mexico aMexico - Manufacturing industries aWomens employment - Mexico aWomens employment aYu, Wei-Hsin aAmerican Sociological Review